|
|
|
|
| LEADER |
01071nam a2200265 a 4500 |
| 001 |
000002073 |
| 003 |
CZ BrMZK |
| 005 |
20040203062622.0 |
| 007 |
ta |
| 008 |
010907s1993 xr f c 000 m cze d |
| 020 |
|
|
|a 80-85091-26-7
|c 36.00
|
| 040 |
|
|
|a BOA001
|b cze
|
| 080 |
|
|
|a 75(437.1)"19":92 Balabán, Daniel
|2 MRF
|
| 100 |
1 |
|
|a Balabán, Daniel,
|d 1957-
|7 jn19990201011
|
| 245 |
1 |
0 |
|a Daniel Balabán :
|b Obrazy, objekty : [Kat. výstavy.] Galerie výtv. uměmí Ostrava, 10.-19.9.1993 /
|c Texty: Jana a Jiří Ševčíkovi (Jana Ševčíková a Jiří Ševčík), ...
|
| 260 |
|
|
|a Ostrava :
|b Galerie výtvarného umění,
|c 1993
|
| 300 |
|
|
|a Nestr. :
|b obr. a barev. obr.
|
| 653 |
0 |
|
|a Balabán, Daniel 1957-
|
| 700 |
1 |
|
|a Ševčíková, Jana,
|d 1941-2024
|7 jx20040622053
|
| 700 |
1 |
|
|a Ševčík, Jiří,
|d 1940-2022
|7 jn20020201006
|
| 910 |
|
|
|a BOA001
|b X2-0981.811
|
| 962 |
|
|
|a 75(437.1)
|
| 964 |
|
|
|a Balabán, Daniel - výstavy - r.1993 - katalogy
|
| 990 |
|
|
|a BK
|
| 996 |
6 |
|
|b 2610002734
|c X2-0981.811
|l MZK
|r Sklad / do 24 hodin
|n 7
|p p.v.
|w 000002073
|u 000010
|a 1
|e BOA001
|j MZK50
|s P
|